Governors of Puerto Rico by Picture - Statistics

General Stats
  • This quiz has been taken 17 times
    9 since last reset
  • The average score is 26 of 87
Answer Stats
Picture Hint Answer % Correct
2013-2017 Alejandro García Padilla
100%
1949-1965 Luis Muñoz Marín
100%
*2019* | 2021-2025 Pedro Pierluisi
100%
1993-2001 Pedro Rosselló
100%
2017-2019 Ricardo Rosselló
100%
2005-2009 Aníbal Acevedo Vilá
88%
1977-1985 Carlos Romero Barceló
75%
1508-1509 | 1510-1511 | 1515-1519 Juan Ponce de León
75%
*1578-1580* Juan Ponce de León II
75%
1969-1973 Luis A. Ferré
75%
2009-2013 Luis Fortuño
75%
2001-2005 Sila María Calderón
75%
2025-Present Jennifer González-Colón
63%
1946-1949 Jesús T. Piñero
63%
*2019-2021* Wanda Vázquez Garced
63%
*1895* | 1898 Andrés González Muñoz
50%
*1896* Emilio March García
50%
1973-1977 | 1985-1993 Rafael Hernández Colón
50%
1965-1969 Roberto Sánchez Vilella
50%
1887 Romualdo Palacio González
50%
1896-1898 Sabas Marín González
50%
1934-1939 Blanton Winship
38%
1941-1946 Rexford Tugwell
38%
1929-1932 Theodore Roosevelt Jr.
38%
*1898* Ángel Rivero Méndez
25%
1893-1895 Antonio Dabán y Ramírez de Arellano
25%
1900-1901 Charles Herbert Allen
25%
1921-1923 Emmet Montgomery Reily
25%
1898-1899 Guy Vernon Henry
25%
*1887* | *1887-1888* Juan Contreras Martínez
25%
1884-1887 Luis Dabán y Ramirez De Arellano
25%
1822-1837 Miguel de la Torre
25%
1898 Nelson A. Miles
25%
1844-1847 Rafael Arístegui y Vélez
25%
1872 Simón de la Torre
25%
1760-1766 Ambrosio de Benavides
13%
1851-1855 Andrés García Camba
13%
1913-1921 Arthur Yager
13%
1904-1907 Beekman Winthrop
13%
1934 Benjamin Jason Horton
13%
1851-1852 Enrique de España y Taberner
13%
1862-1865 Félix María de Messina Iglesias
13%
1857-1860 Fernando Cotoner y Chacón
13%
1852-1855 Fernando Norzagaray y Escudero
13%
1870-1871 Gabriel Baldrich y Palau
13%
1598 George Clifford
13%
1909-1913 George Radcliffe Colton
13%
1899-1900 George Whitefield Davis
13%
1941 Guy J. Swope
13%
1923-1929 Horace M. Towner
13%
*1929* | *1932-1933* James R. Beverley
13%
1898 John R. Brooke
13%
1776-1782 José Dufresne
13%
*1921* José E. Benedicto
13%
*1939* José E. Colom
13%
*1878* | 1895-1896 José Gamir y Maladen
13%
1890-1892 José Lasso
13%
1868-1870 | 1874-1875 José Laureano Sanz y Posse
13%
1855-1857 José Lémery e Ibarrola
13%
1865-1867 José María Marchessi y Oleaga
13%
*1940-1941* | *1941* José Miguel Gallardo
13%
*1890* José Pascual Bonanza
13%
1783-1789 Juan Andrés Dabán y Busterino
13%
*1923* Juan B. Huyke
13%
1848-1851 Juan de la Pezuela y Cevallos
13%
1847-1848 Juan Prim
13%
1877-1878 Manuel de la Serna y Hernández Pinzón
13%
*1892-1893* Manuel Delgado y Zuleta
13%
1898 Manuel Macías y Casado
13%
1789-1792 Miguel Antonio de Ustáriz
13%
1882-1884 Miguel de la Vega Inclán y Palma
13%
1837-1840 Miguel López de Baños
13%
1860-1862 Rafaél de Echagüe y Bermingham
13%
*1862* Rafael Izquierdo y Gutiérrez
13%
1795-1804 Ramón de Castro y Gutiérrez
13%
*1884* Ramón Fajardo e Izquierdo
13%
1871-1872 Ramón Gómez y Pulido
13%
1907-1909 Regis Henri Post
13%
*1898* | *1898* | *1898* Ricardo de Ortega y Diez
13%
1933-1934 Robert Hayes Gore
13%
1809-1820 Salvador Meléndez Bruna
13%
1840-1844 Santiago Méndez Vigo
13%
1875-1877 | 1881-1882 Segundo de la Portilla Gutiérrez
13%
1804-1809 Toribio Montes
13%
1939-1940 William D. Leahy
13%
1901-1904 William Henry Hunt
13%
1878-1881 Eulogio Despujol y Dusay
0%
No matching quizzes found
Score Distribution
Percent of People with Each Score
Percentile by Number Answered
Your Score History
You have not taken this quiz since the last reset